ARRUPE JESUIT UNIVERSITY

CORONAVIRUS -STOP THE SPREAD - CLEAN,DISINFECT,COVER

Maths Problem (Record no. 120619)

MARC details
000 -LEADER
fixed length control field 00430nam a22001337a 4500
008 - FIXED-LENGTH DATA ELEMENTS--GENERAL INFORMATION
fixed length control field 140605b xxu||||| |||| 00| 0 eng d
050 ## - LIBRARY OF CONGRESS CALL NUMBER
Classification number LB1645.H866
100 ## - MAIN ENTRY--PERSONAL NAME
Personal name Howson, Geoffrey
9 (RLIN) 10605
245 ## - TITLE STATEMENT
Title Maths Problem
Remainder of title can more pupils reach higher standards
Statement of responsibility, etc Geoffrey Howson
260 ## - PUBLICATION, DISTRIBUTION, ETC. (IMPRINT)
Place of publication, distribution, etc London
Name of publisher, distributor, etc Centre for Policy studies
Date of publication, distribution, etc 1989
300 ## - PHYSICAL DESCRIPTION
Extent 51p. ;
Dimensions 21cm.
650 ## - SUBJECT ADDED ENTRY--TOPICAL TERM
Topical term or geographic name as entry element Mathematics, Teaching of
9 (RLIN) 10606
942 ## - ADDED ENTRY ELEMENTS (KOHA)
Source of classification or shelving scheme Library of Congress Classification
Item type Monograph ( Printed materials)
Holdings
Withdrawn status Lost status Source of classification or shelving scheme Damaged status Not for loan Collection code Home library Current library Shelving location Date acquired Total Checkouts Full call number Barcode Date last seen Price effective from Koha item type
    Library of Congress Classification     Main Collection ARRUPE LIBRARY ARRUPE LIBRARY Main Collection 05/06/2014   LB1645.H866 46500000627 28/06/2018 05/06/2014 Monograph ( Printed materials)

 

Arrupe Library. PO Box MP320 Mt Pleasant, Harare, Zimbabwe
263 242 745411|librarian@aju.ac.zw